| 000 | 01810nam a2200541 i 4500 | ||
|---|---|---|---|
| 001 | 19894 | ||
| 003 | KOSZ 005 | ||
| 005 | 20191129161835.0 | ||
| 008 | 000114s1981 pl a f |001 0 pol | ||
| 015 | _aPB 1981/2693 | ||
| 020 | _a8320403014 | ||
| 035 | _a991012522819705066 | ||
| 035 | _a(PL-WaBN)b13388769-48omnis_nlop | ||
| 035 | _ab13388769 | ||
| 035 | _a(OCoLC)830256930 | ||
| 035 | _a(PL)b0000001338876 | ||
| 035 | _a(EXLNZ-48OMNIS_NETWORK)9910202213505606 | ||
| 040 |
_aWA N _cWA N _dKOSZ 005/EG |
||
| 041 | 1 |
_apol _hrus |
|
| 046 | _k1981 | ||
| 080 | _a664.1 | ||
| 080 | _a577.1 | ||
| 100 | 1 |
_aHelemskij, M. Z. _eAutor |
|
| 245 | 1 | 0 |
_aBiochemia w cukrownictwie / _cM. Z. Chelemski, M. Ł. Pelc, I. P. Sapożnikowa ; tł. z ros. Irena Januszewicz. |
| 246 | 1 |
_iTyt. oryg.: _aBiohimiâ v sveklosaharnom proizvodstve, _f1977 |
|
| 260 |
_aWarszawa : _bWydaw-a Naukowo-Techniczne, _c1981. |
||
| 300 |
_a233, [2] s. : _bil., tab., wykr. ; _c21 cm. |
||
| 336 |
_2rdacontent _aTekst _btxt |
||
| 337 |
_2rdamedia _aBez urządzenia pośredniczącego _bn |
||
| 338 |
_2rdacarrier _aWolumin _bnc |
||
| 380 | _aKsiążki | ||
| 388 | _a1901-2000 | ||
| 388 | _a1945-1989 | ||
| 504 | _aBibliogr. s. 215-230. - Indeks. | ||
| 650 | 7 |
_aBurak cukrowy _2DBN |
|
| 650 | 7 | _aBiochemia | |
| 650 | 7 |
_aCukier _2DBN |
|
| 650 | 7 | _aTechnologia | |
| 658 | _aChemia | ||
| 658 | _aRolnictwo i leśnictwo | ||
| 700 | 1 |
_aJanuszewicz, Irena. _eTłumaczenie |
|
| 700 | 1 |
_aPel'c, M. L. _eAutor |
|
| 700 | 1 |
_aSapožnikova, I. P. _eAutor |
|
| 710 | 2 | _aWydawnictwa Naukowo-Techniczne | |
| 856 |
_uhttp://koha.tu.koszalin.pl/cgi-bin/koha/opac-detail.pl?biblionumber=19894 _yKatalog online BPK |
||
| 942 |
_2UKD _cKS |
||
| 999 |
_c19894 _d19894 |
||